[Event "XX Keres Mem Rapid Prelim"]
[Site "Tallinn EST"]
[Date "2011.01.07"]
[Round "1"]
[White "Lugovoi, Aleksei"]
[Black "Ryzhkov, Vjacheslav"]
[Result "1-0"]
[WhiteElo "2531"]
[BlackElo "2086"]
[PlyCount "45"]
[EventDate "2011.??.??"]

1. d4 e6 2. c4 f5 3. g3 Nf6 4. Bg2 c6 5. Nd2 d5 6. Nh3 Bd6 7. O-O O-O 8. Qc2
Ne4 9. f3 Nxd2 10. Bxd2 Nd7 11. e4 fxe4 12. fxe4 dxe4 13. Ng5 Nf6 14. Nxe4 Be7
15. Bc3 Nxe4 16. Bxe4 h6 17. Qe2 Bf6 18. Rad1 Qe7 19. Bc2 g5 20. Qe4 c5 21.
Rxf6 Rxf6 22. d5 Rf5 23. g4 1-0

[Event "XX Keres Mem Rapid Prelim"]
[Site "Tallinn EST"]
[Date "2011.01.07"]
[Round "2"]
[White "Tusa, Tuukka"]
[Black "Lugovoi, Aleksei"]
[Result "0-1"]
[WhiteElo "2194"]
[BlackElo "2531"]
[PlyCount "114"]
[EventDate "2011.01.07"]

1. g3 d5 2. c4 d4 3. d3 e5 4. Bg2 Nc6 5. Nf3 Nf6 6. O-O Be7 7. b4 Nxb4 8. Nxe5
O-O 9. Nd2 Na6 10. Rb1 Nc5 11. Nb3 Nxb3 12. Rxb3 c6 13. Bb2 a5 14. a4 Bb4 15.
e3 dxe3 16. fxe3 Nd7 17. Nxd7 Qxd7 18. d4 Qe7 19. e4 Bd7 20. e5 Rad8 21. Re3
Be6 22. Qh5 Bxc4 23. Rf4 g6 24. Qh6 f5 25. Rh4 Bd5 26. Bxd5+ Rxd5 27. Re2 Qg7
28. Qe3 Be7 29. Rh3 h5 30. Qb3 Bb4 31. Rh4 Re8 32. Rf4 Qf7 33. Qc2 Qe6 34. Ref2
c5 35. Re2 cxd4 36. Bxd4 Red8 37. Qc4 Rc8 38. Qa2 Kf7 39. Kg2 Rd7 40. Qb2 Qd5+
41. Kh3 Ke6 42. Bf2 g5 43. Rd4 g4+ 44. Kh4 Rh8 45. Rxb4 axb4 46. Qxb4 Rc8 47.
Qf4 Rh8 48. Qg5 Rf8 49. Qh6+ Ke7 50. Qg7+ Ke8 51. Qg6+ Qf7 52. Qxf7+ Rdxf7 53.
Bc5 Rg8 54. e6 Rc7 55. Bd6 Rc6 56. Bf4 Rg6 57. e7 Rge6 0-1

[Event "XX Keres Mem Rapid Prelim"]
[Site "Tallinn EST"]
[Date "2011.01.07"]
[Round "2"]
[White "Miezis, Normunds"]
[Black "Sharankov, Grigory"]
[Result "1-0"]
[WhiteElo "2546"]
[BlackElo "2173"]
[PlyCount "95"]
[EventDate "2011.01.07"]

1. c4 Nf6 2. Nc3 e6 3. e4 d5 4. exd5 exd5 5. d4 Be7 6. Nf3 O-O 7. Be2 Bg4 8. h3
Bh5 9. cxd5 Nxd5 10. O-O Nc6 11. Ne4 Bg6 12. Nc5 b6 13. Nd3 Ndb4 14. Nxb4 Nxb4
15. a3 Nc2 16. Ra2 Qd5 17. b3 Qxb3 18. Rb2 Qc3 19. Rb5 Nxa3 20. Rb3 Qa5 21. Bd3
a6 22. Ne5 Qa4 23. Rxa3 Qxd1 24. Rxd1 Bxa3 25. Bxa3 Rfe8 26. Bc4 b5 27. Bd5
Rad8 28. Bf3 Be4 29. Bxe4 Rxe5 30. Bf3 Re6 31. d5 Rb6 32. Bb4 Rd7 33. Rc1 g6
34. g4 Rf6 35. Kg2 Rf4 36. Ba5 Rc4 37. Rxc4 bxc4 38. Bb4 f5 39. Be2 fxg4 40.
hxg4 Rxd5 41. Bxc4 c6 42. Kf3 Kf7 43. Ke4 Ke6 44. g5 h6 45. gxh6 Kf7 46. Bxd5+
cxd5+ 47. Kxd5 g5 48. Bd2 1-0

[Event "XX Keres Mem Rapid Prelim"]
[Site "Tallinn EST"]
[Date "2011.01.07"]
[Round "3"]
[White "Burmakin, Vladimir"]
[Black "Vovk, Ilja"]
[Result "1-0"]
[WhiteElo "2603"]
[BlackElo "2267"]
[PlyCount "100"]
[EventDate "2011.01.07"]

1. Nf3 d6 2. d4 f5 3. g3 Nf6 4. Bg2 g6 5. c3 Bg7 6. Qb3 e6 7. Ng5 d5 8. Nf3 Nc6
9. O-O O-O 10. Nbd2 Kh8 11. c4 Ne4 12. cxd5 exd5 13. e3 a5 14. a3 a4 15. Qc2
Bd7 16. Ne1 Na5 17. f3 Nxd2 18. Bxd2 Nb3 19. Rd1 Bb5 20. Nd3 c5 21. dxc5 d4 22.
e4 Bxd3 23. Qxd3 Nxc5 24. Qb5 Rc8 25. exf5 Rxf5 26. Bh3 Qd5 27. Bxf5 Qxf5 28.
Bb4 h5 29. Bxc5 Rxc5 30. Qd3 Qg5 31. Rde1 Kh7 32. Re6 Rf5 33. Kg2 Rb5 34. Rf2
Rb3 35. Qc4 Qf5 36. Re7 b5 37. Qxd4 Qf8 38. Rd7 Kh6 39. Qd2+ Kh7 40. Rb7 Qf6
41. Qe2 h4 42. Rxb5 Rxb5 43. Qxb5 Qe6 44. gxh4 Qe3 45. Qxa4 Bd4 46. Qc2 Bb6 47.
Qe2 Qf4 48. Qe7+ Kh8 49. Rc2 Qf5 50. Re2 Bc5 1-0

[Event "XX Keres Mem Rapid Prelim"]
[Site "Tallinn EST"]
[Date "2011.01.07"]
[Round "3"]
[White "Lugovoi, Aleksei"]
[Black "Ozolins, Aris"]
[Result "1-0"]
[WhiteElo "2531"]
[BlackElo "2239"]
[PlyCount "35"]
[EventDate "2011.01.07"]

1. d4 Nf6 2. c4 e5 3. dxe5 Ng4 4. e4 Nxe5 5. f4 Ng6 6. Nf3 Nc6 7. Nc3 Bb4 8.
Bd2 O-O 9. Nd5 Bxd2+ 10. Qxd2 d6 11. O-O-O Bg4 12. f5 Nge5 13. Be2 Bxf3 14.
gxf3 f6 15. Rhg1 a5 16. Rg3 Nb4 17. Rdg1 Rf7 18. Qh6 1-0

[Event "XX Keres Mem Rapid Prelim"]
[Site "Tallinn EST"]
[Date "2011.01.07"]
[Round "3"]
[White "Ristoja, Jan"]
[Black "Miezis, Normunds"]
[Result "0-1"]
[WhiteElo "2271"]
[BlackElo "2546"]
[PlyCount "134"]
[EventDate "2011.01.07"]

1. e4 c5 2. Nc3 e6 3. f4 Nc6 4. Nf3 d5 5. Bb5 Nge7 6. exd5 exd5 7. Qe2 Qd6 8.
O-O f6 9. d4 cxd4 10. Nxd4 Bd7 11. Be3 a6 12. Bxc6 bxc6 13. Nb3 Kf7 14. Bc5 Qc7
15. Rad1 Nf5 16. Qf2 h5 17. Rfe1 Bxc5 18. Qxc5 Qa7 19. Na4 Rhb8 20. c4 Rb4 21.
Qxa7 Rxa7 22. Nbc5 Rxc4 23. g3 Nd6 24. Rd2 Bf5 25. b3 Rb4 26. Rc1 Rb8 27. Kf2
a5 28. Re2 Nb5 29. Rd2 Nd6 30. Re2 Rd8 31. Rd2 Re7 32. Re1 Rde8 33. Rdd1 Rxe1
34. Rxe1 Rh8 35. h4 Rb8 36. Rc1 Re8 37. Re1 Be4 38. Rc1 Kg6 39. Nc3 Bf5 40. Ne2
Bg4 41. Nd4 Ne4+ 42. Kg2 Nxc5 43. Rxc5 Re4 44. Nxc6 Re2+ 45. Kf1 Rxa2 46. Rxa5
Rb2 47. Nd4 Bh3+ 48. Ke1 Rg2 49. Rxd5 Rxg3 50. Kd2 Rg4 51. Ke3 Rxh4 52. b4 Bg4
53. b5 Rh3+ 54. Kd2 Rh1 55. Kc2 Bd1+ 56. Kb2 Rh2+ 57. Kc3 Rh3+ 58. Kb2 Rh2+ 59.
Kc3 Rh3+ 60. Kb2 Re3 61. f5+ Kh7 62. Ne6 Bf3 63. Rd8 Re5 64. Nd4 Be4 65. b6 h4
66. Rc8 h3 67. Rc3 Bg2 0-1

[Event "XX Keres Mem Rapid Prelim"]
[Site "Tallinn EST"]
[Date "2011.01.07"]
[Round "3"]
[White "Smirnov, Artem"]
[Black "Valner, Uku"]
[Result "1-0"]
[WhiteElo "2428"]
[BlackElo "2194"]
[PlyCount "107"]
[EventDate "2011.01.07"]

1. d4 e6 2. c4 b6 3. Nc3 Bb7 4. a3 Nf6 5. Bg5 Be7 6. Nf3 Ne4 7. Nxe4 Bxe4 8.
Bf4 O-O 9. e3 d6 10. Be2 Nd7 11. O-O Bf6 12. Bg3 e5 13. d5 Bxf3 14. Bxf3 e4 15.
Bxe4 Bxb2 16. Bxh7+ Kxh7 17. Qc2+ Kg8 18. Qxb2 Nc5 19. Qc2 f5 20. f3 Qf6 21.
Rae1 Rae8 22. Bf2 Qg6 23. e4 fxe4 24. Bxc5 bxc5 25. Rxe4 Rxe4 26. fxe4 Rxf1+
27. Kxf1 Qf6+ 28. Ke2 Qd4 29. g3 a5 30. a4 Qf6 31. h4 Qd4 32. Kf3 Kf7 33. Kg2
Kg8 34. Kh3 Kf7 35. Qe2 Qa1 36. Qh5+ Kg8 37. Qe8+ Kh7 38. h5 Qf1+ 39. Kh4 Qxc4
40. Qg6+ Kh8 41. Qe8+ Kh7 42. Qg6+ Kh8 43. h6 Qd4 44. hxg7+ Qxg7 45. Qe8+ Kh7
46. g4 c4 47. g5 c3 48. Kh5 Qe5 49. Qf7+ Kh8 50. Qf8+ Kh7 51. Qf7+ Kh8 52. Qf8+
Kh7 53. Qf7+ Kh8 54. Kh6 1-0

[Event "XX Keres Mem Rapid Prelim"]
[Site "Tallinn EST"]
[Date "2011.01.07"]
[Round "4"]
[White "Kovaljov, Denis"]
[Black "Shishkov, Andrei"]
[Result "1-0"]
[WhiteElo "2274"]
[BlackElo "2382"]
[PlyCount "47"]
[EventDate "2011.01.07"]

1. d4 d5 2. Nf3 Bf5 3. c4 e6 4. Nc3 c6 5. Qb3 Qb6 6. e3 Nd7 7. Be2 h6 8. O-O
Ngf6 9. Bd2 Qxb3 10. axb3 Bc2 11. Rfc1 Bxb3 12. c5 b5 13. Bxb5 cxb5 14. Nxb5
Kd8 15. c6 Bc4 16. Ba5+ Kc8 17. cxd7+ Kxd7 18. Ne5+ Ke7 19. Bb4+ Kd8 20. Nxf7+
Kd7 21. Ne5+ Kd8 22. Ba5+ Ke7 23. Ng6+ Ke8 24. Nc7+ 1-0

[Event "XX Keres Mem Rapid Prelim"]
[Site "Tallinn EST"]
[Date "2011.01.07"]
[Round "4"]
[White "Kantans, Toms"]
[Black "Burmakin, Vladimir"]
[Result "0-1"]
[WhiteElo "2342"]
[BlackElo "2603"]
[PlyCount "86"]
[EventDate "2011.01.07"]

1. d4 d5 2. c4 e6 3. Nc3 Nf6 4. e3 Be7 5. Nf3 O-O 6. Be2 b6 7. O-O c5 8. b3
cxd4 9. exd4 Bb7 10. Bf4 Nc6 11. Rc1 Rc8 12. Ne5 dxc4 13. Nxc6 Bxc6 14. bxc4
Qd7 15. Be5 Ne4 16. Bd3 Nxc3 17. Rxc3 f5 18. Qb3 Bf6 19. Bxf6 Rxf6 20. d5 Bb7
21. Qa3 exd5 22. cxd5 Rxc3 23. Qxc3 Bxd5 24. Rd1 Rd6 25. Qe5 Be6 26. g4 g6 27.
gxf5 gxf5 28. Qg3+ Qg7 29. Qxg7+ Kxg7 30. Re1 Rxd3 31. Rxe6 Ra3 32. Re2 f4 33.
Rd2 Kf6 34. Kg2 h5 35. f3 Kg5 36. Kf2 a6 37. Kg2 b5 38. Rb2 Kh4 39. Rc2 b4 40.
Rb2 a5 41. Rc2 a4 42. Rb2 b3 43. axb3 Rxb3 0-1

[Event "XX Keres Mem Rapid Prelim"]
[Site "Tallinn EST"]
[Date "2011.01.07"]
[Round "4"]
[White "Miezis, Normunds"]
[Black "Smirnov, Artem"]
[Result "0-1"]
[WhiteElo "2546"]
[BlackElo "2428"]
[PlyCount "176"]
[EventDate "2011.01.07"]

1. c4 Nf6 2. Nc3 e5 3. g3 Bb4 4. Bg2 O-O 5. e4 Bxc3 6. dxc3 Na6 7. Qe2 Nc5 8.
f3 d6 9. Nh3 a5 10. b3 b6 11. O-O Bb7 12. Nf2 Ne8 13. Ng4 f5 14. exf5 Rxf5 15.
Ne3 Rf7 16. Nd5 c6 17. Ne3 Nc7 18. Ba3 Qe7 19. Rad1 d5 20. Rfe1 Re8 21. Ng4 Rf5
22. Qc2 Qf7 23. b4 Nd7 24. bxa5 bxa5 25. Bd6 Na6 26. Qe2 h5 27. Ne3 Rf6 28. Ba3
Nc7 29. Qd2 Nf8 30. Rb1 Ba8 31. Bc5 Nfe6 32. Bb6 d4 33. Nc2 c5 34. Rxe5 dxc3
35. Qxc3 Bxf3 36. Qd2 Rd8 37. Rd5 Nxd5 38. Bxd8 Nxd8 39. cxd5 Bxg2 40. Kxg2 Nb7
41. Ne3 Nd6 42. Qc2 Qe8 43. Re1 Qe5 44. Re2 c4 45. Kh3 Qd4 46. Qd2 Qe4 47. Rf2
Rxf2 48. Qxf2 c3 49. Qf4 Qxf4 50. gxf4 Nf5 51. Nc2 Kf7 52. Kg2 Ke7 53. Kf3 Kd6
54. Ke4 Ne7 55. Kd4 Nxd5 56. f5 h4 57. a3 h3 58. Ne1 Ne7 59. Kxc3 Nxf5 60. Kc4
g5 61. Kd3 Ke5 62. Ke2 g4 63. Nd3+ Ke4 64. Nf2+ Kf4 65. Nd3+ Kg5 66. Kf2 Nd6
67. a4 Ne4+ 68. Kg1 Nd2 69. Kf2 Kf5 70. Ke2 Ne4 71. Kf1 Nc3 72. Kf2 Nxa4 73.
Ke3 Nc3 74. Kd4 Ne2+ 75. Ke3 Ng1 76. Kf2 Nf3 77. Kg3 a4 78. Nf2 Ne5 79. Nd1 a3
80. Nc3 Nd3 81. Na2 Kg5 82. Nc3 Kf5 83. Na2 Nc5 84. Kf2 Ne4+ 85. Kg1 Kf4 86.
Nb4 Kf3 87. Kf1 Nd2+ 88. Ke1 g3 0-1

[Event "XX Keres Mem Rapid Prelim"]
[Site "Tallinn EST"]
[Date "2011.01.08"]
[Round "5"]
[White "Bick, John D"]
[Black "Berzinsh, Ivars"]
[Result "0-1"]
[WhiteElo "2237"]
[BlackElo "2224"]
[PlyCount "86"]
[EventDate "2011.01.07"]

1. d4 Nf6 2. c4 e5 3. dxe5 Ng4 4. Nh3 Nxe5 5. e3 Bb4+ 6. Bd2 Bxd2+ 7. Qxd2 O-O
8. Nf4 d6 9. Be2 Bd7 10. Nc3 Bc6 11. Nfd5 Nbd7 12. O-O Nb6 13. b3 Re8 14. f4
Ned7 15. Bd3 Bxd5 16. cxd5 Nc5 17. Bc2 Qf6 18. Rae1 Re7 19. e4 Qh6 20. Re3 g6
21. Qf2 Rae8 22. Rh3 Qg7 23. b4 Ncd7 24. Bb3 Nf6 25. Bc2 Ng4 26. Qd2 a6 27. Rg3
Nf6 28. Qd4 Nh5 29. Qxg7+ Kxg7 30. Rh3 Kg8 31. g4 Ng7 32. Bd3 Nd7 33. g5 Rf8
34. Rhf3 f5 35. Kg2 fxe4 36. Nxe4 Nf5 37. Ng3 Ne3+ 38. Kg1 Nxf1 39. Nxf1 Ne5
40. Re3 Rxf4 41. a3 Nf3+ 42. Kg2 Ne1+ 43. Kg3 Rxe3+ 0-1

[Event "XX Keres Mem Rapid Prelim"]
[Site "Tallinn EST"]
[Date "2011.01.08"]
[Round "5"]
[White "Burmakin, Vladimir"]
[Black "Smirnov, Artem"]
[Result "0-1"]
[WhiteElo "2603"]
[BlackElo "2428"]
[PlyCount "74"]
[EventDate "2011.01.07"]

1. Nf3 Nf6 2. c4 e6 3. g3 b6 4. Bg2 Bb7 5. d4 Be7 6. Nc3 Ne4 7. Bd2 Bf6 8. Qc2
Nxd2 9. Qxd2 d6 10. d5 e5 11. O-O O-O 12. Ne1 Nd7 13. Nd3 a5 14. a3 g6 15. b4
Bg7 16. e4 Qe7 17. Nb5 Nf6 18. Rfd1 h5 19. h4 Ng4 20. Qc2 f5 21. c5 Ba6 22.
cxd6 cxd6 23. Qc7 Qxc7 24. Nxc7 Bxd3 25. Nxa8 fxe4 26. Nxb6 axb4 27. axb4 Rxf2
28. Bf1 Rf3 29. Bg2 Rxg3 30. Ra8+ Kh7 31. Ra7 Rxg2+ 32. Kxg2 Ne3+ 33. Kg3 Nxd1
34. Nd7 e3 35. Nf6+ Kh8 36. Ra8+ Bf8 37. Ra7 g5 0-1

[Event "XX Keres Mem Rapid Prelim"]
[Site "Tallinn EST"]
[Date "2011.01.08"]
[Round "5"]
[White "Lugovoi, Aleksei"]
[Black "Kovaljov, Denis"]
[Result "0-1"]
[WhiteElo "2531"]
[BlackElo "2274"]
[PlyCount "96"]
[EventDate "2011.01.07"]

1. d4 d5 2. c4 e6 3. Nc3 Be7 4. Nf3 Nf6 5. Bg5 O-O 6. e3 Ne4 7. Bxe7 Qxe7 8.
cxd5 Nxc3 9. bxc3 exd5 10. Qb3 c6 11. Bd3 Nd7 12. O-O Nf6 13. c4 Be6 14. Rab1
dxc4 15. Bxc4 Bxc4 16. Qxc4 Rac8 17. Rfd1 Rc7 18. a4 Ne4 19. Qc2 c5 20. d5 Nd6
21. Nd2 c4 22. Qc3 Rfc8 23. f3 a6 24. e4 f6 25. Nf1 b5 26. Ng3 Qe5 27. Ne2 Rc5
28. Rdc1 bxa4 29. Rb6 Nb5 30. Qxe5 fxe5 31. Rxa6 a3 32. Nc3 Nd4 33. Rxa3 Rb8
34. Ra2 Kf7 35. Ne2 c3 36. Kf2 Rb2 37. Rxc3 Rxa2 38. Rxc5 Rxe2+ 39. Kg3 Rc2 40.
Ra5 h5 41. Ra7+ Kf6 42. Ra6+ Kf7 43. Ra7+ Kg6 44. Ra6+ Kh7 45. d6 Rd2 46. Kh3
Ne6 47. Kh4 g5+ 48. Kxh5 Rxg2 0-1

[Event "XX Keres Mem Rapid Prelim"]
[Site "Tallinn EST"]
[Date "2011.01.08"]
[Round "5"]
[White "Fomina, Tatyana"]
[Black "Miezis, Normunds"]
[Result "0-1"]
[WhiteElo "2224"]
[BlackElo "2546"]
[PlyCount "62"]
[EventDate "2011.01.07"]

1. d4 Nf6 2. Nc3 d5 3. Bg5 Nbd7 4. e3 c6 5. Bd3 e5 6. f4 e4 7. Be2 h6 8. Bh4 b5
9. a3 Nb6 10. g3 Be7 11. Bxf6 Bxf6 12. Bg4 Nc4 13. Bxc8 Qxc8 14. Qc1 g5 15. b3
Nd6 16. Nge2 a5 17. O-O h5 18. fxg5 Bxg5 19. Nf4 h4 20. Qe1 Qd7 21. Nce2 hxg3
22. Nxg3 Bh4 23. Ng2 Bxg3 24. Qxg3 O-O-O 25. Rf4 Rdg8 26. Qf2 Qh3 27. Re1 Qxh2+
28. Kf1 Qh1+ 29. Qg1 Rxg2 30. Qxh1 Rxh1+ 31. Kxg2 Rxe1 0-1

[Event "XX Keres Mem Rapid Prelim"]
[Site "Tallinn EST"]
[Date "2011.01.08"]
[Round "6"]
[White "Smirnov, Artem"]
[Black "Kovaljov, Denis"]
[Result "1/2-1/2"]
[WhiteElo "2428"]
[BlackElo "2274"]
[PlyCount "110"]
[EventDate "2011.01.07"]

1. d4 d5 2. c4 e6 3. Nc3 Be7 4. Nf3 Nf6 5. Bg5 O-O 6. e3 Ne4 7. Bxe7 Qxe7 8.
Rc1 Nxc3 9. Rxc3 c6 10. Bd3 Nd7 11. O-O dxc4 12. Bxc4 e5 13. Qc2 e4 14. Nd2 Nf6
15. Rb1 a5 16. a3 a4 17. Ba2 Ra5 18. Rc1 Be6 19. Bxe6 Qxe6 20. Rc5 Rxc5 21.
Qxc5 Nd5 22. Qa7 f5 23. Qxb7 f4 24. Qxc6 Qxc6 25. Rxc6 fxe3 26. fxe3 Nxe3 27.
Re6 Rb8 28. Nxe4 Rxb2 29. Nd6 Rb1+ 30. Kf2 Ng4+ 31. Kg3 Nf6 32. Re7 Rb3+ 33.
Kf2 g6 34. Nc4 Rd3 35. Ra7 Ne4+ 36. Ke1 Rxd4 37. Rxa4 Nc5 38. Ra8+ Kg7 39. Ne3
Rd3 40. Ke2 Rb3 41. a4 Ra3 42. a5 Kf6 43. h3 Ra2+ 44. Kf3 Ke5 45. Rc8 Ne6 46.
Re8 Kd6 47. Nc4+ Kd7 48. Rh8 Kc6 49. Kg3 Kc5 50. Ne3 Rxa5 51. Rxh7 Ra3 52. Kf2
Ra2+ 53. Kg3 Ra3 54. Kf2 Ra2+ 55. Kg3 Ra3 1/2-1/2

[Event "XX Keres Mem Rapid Prelim"]
[Site "Tallinn EST"]
[Date "2011.01.08"]
[Round "6"]
[White "Miezis, Normunds"]
[Black "Lavendelis, Egons"]
[Result "1-0"]
[WhiteElo "2546"]
[BlackElo "2321"]
[PlyCount "63"]
[EventDate "2011.01.07"]

1. c4 Nf6 2. Nc3 d5 3. cxd5 Nxd5 4. g3 g6 5. Bg2 c6 6. d3 Bg7 7. Bd2 O-O 8. h4
h5 9. Nh3 b6 10. Ng5 Bb7 11. O-O Nd7 12. Rc1 N7f6 13. d4 Nh7 14. Nf3 Nhf6 15.
Nxd5 cxd5 16. Bf4 Ne4 17. Qa4 Nd6 18. Be5 Bh6 19. e3 a6 20. Bxd6 Qxd6 21. Ne5
Rfd8 22. Rc2 Bg7 23. Nd3 Rdc8 24. Rfc1 Kf8 25. Qb3 e6 26. Bf1 Ke8 27. f4 Bf8
28. Ne5 Rxc2 29. Qxc2 Rc8 30. Qa4+ Ke7 31. Rxc8 b5 32. Qc2 1-0

[Event "XX Keres Mem Rapid Prelim"]
[Site "Tallinn EST"]
[Date "2011.01.08"]
[Round "6"]
[White "Berzinsh, Ivars"]
[Black "Burmakin, Vladimir"]
[Result "0-1"]
[WhiteElo "2224"]
[BlackElo "2603"]
[PlyCount "114"]
[EventDate "2011.01.07"]

1. e4 c6 2. Nc3 d5 3. Nf3 g6 4. exd5 cxd5 5. d4 Bg7 6. Bf4 Nf6 7. Qd2 O-O 8.
Bh6 Nc6 9. Bxg7 Kxg7 10. O-O-O Bg4 11. Be2 Rc8 12. Ne5 Bxe2 13. Qxe2 Qa5 14. f3
Nb4 15. Qe3 Nxa2+ 16. Nxa2 Qxa2 17. Qa3 Qxa3 18. bxa3 Rc7 19. Kd2 Rfc8 20. Rc1
Rc3 21. a4 Ne8 22. Rhe1 e6 23. Re3 Rxe3 24. Kxe3 Nd6 25. Kd3 Nc4 26. Nxc4 Rxc4
27. Rb1 Rc7 28. f4 h5 29. g3 Kf6 30. h3 Kf5 31. Re1 b6 32. Re5+ Kf6 33. g4 hxg4
34. hxg4 Rc4 35. g5+ Ke7 36. a5 b5 37. Re1 Ra4 38. Rb1 a6 39. Kc3 Rxa5 40. Kb3
Ra4 41. c3 a5 42. Rh1 Rc4 43. Ra1 a4+ 44. Kc2 Kd6 45. Kd3 Kc6 46. Rh1 b4 47.
cxb4 Rxb4 48. Rc1+ Kb7 49. Rc5 Rb3+ 50. Ke2 a3 51. Ra5 Kb6 52. Ra4 Rh3 53. Ra8
Kb5 54. Ra7 Kb4 55. Rxf7 a2 56. Rb7+ Kc3 57. Ra7 Kb2 0-1

[Event "XX Keres Mem Rapid Prelim"]
[Site "Tallinn EST"]
[Date "2011.01.08"]
[Round "6"]
[White "Vovk, Ilja"]
[Black "Lugovoi, Aleksei"]
[Result "1/2-1/2"]
[WhiteElo "2267"]
[BlackElo "2531"]
[PlyCount "115"]
[EventDate "2011.01.07"]

1. d4 Nf6 2. c4 e6 3. g3 d5 4. Bg2 Bb4+ 5. Bd2 Be7 6. Nf3 O-O 7. O-O c6 8. Bf4
b6 9. Qc2 Ba6 10. Nbd2 Nbd7 11. Ne5 Nxe5 12. dxe5 Nd7 13. h4 Rc8 14. Rad1 b5
15. cxb5 cxb5 16. Qb1 b4 17. Rfe1 Nc5 18. Nf3 Ne4 19. Nd4 Qb6 20. Bxe4 dxe4 21.
Qxe4 h6 22. Be3 Bc5 23. Qg4 Kh7 24. Rc1 Bb7 25. Rxc5 Rxc5 26. Nf3 Qb5 27. Bxc5
Qxc5 28. Rd1 Bd5 29. b3 Qc2 30. Rd4 Qxa2 31. Rxb4 Rc8 32. e4 Bxb3 33. Rb7 Kg8
34. Qf4 Rf8 35. Qe3 Qa1+ 36. Kh2 Bd1 37. Rxa7 Qb2 38. Qd4 Qb8 39. Ra3 Rd8 40.
Qa1 Qb7 41. Re3 Bxf3 42. Rxf3 Qxe4 43. Rf4 Qb7 44. Qa4 Qc7 45. Qe4 Rd5 46. Qa4
Qd8 47. Qa7 Rd7 48. Qe3 Rd1 49. Qf3 Rd3 50. Qb7 Rd7 51. Qf3 Qa5 52. Qc6 Qd5 53.
Qxd5 Rxd5 54. Re4 g5 55. hxg5 hxg5 56. Kh3 Kg7 57. f4 Kg6 58. Kg4 1/2-1/2

[Event "XX Keres Mem Rapid Prelim"]
[Site "Tallinn EST"]
[Date "2011.01.08"]
[Round "7"]
[White "Lugovoi, Aleksei"]
[Black "Berzinsh, Ivars"]
[Result "1-0"]
[WhiteElo "2531"]
[BlackElo "2224"]
[PlyCount "111"]
[EventDate "2011.01.07"]

1. d4 Nf6 2. c4 e5 3. dxe5 Ng4 4. e4 Nxe5 5. f4 Ng6 6. Nf3 Bc5 7. Nc3 Nc6 8.
Bd3 d6 9. Qe2 Bg4 10. Be3 Nd4 11. Qf2 Nxf4 12. O-O-O Nde6 13. Bxc5 Nxc5 14. Bc2
O-O 15. e5 Bxf3 16. Qxf3 Qg5 17. exd6 cxd6 18. Kb1 Rad8 19. h4 Qf6 20. Rhf1 Ng6
21. Qxf6 gxf6 22. Rxf6 Kg7 23. Rfxd6 Rxd6 24. Rxd6 Nxh4 25. g3 Ng6 26. b4 Ne6
27. c5 Ne5 28. Bb3 Rd8 29. Ne4 Rxd6 30. Nxd6 b6 31. cxb6 axb6 32. Kb2 Kf6 33.
a4 Nc6 34. Kc3 Ng5 35. Bc2 Ne7 36. Kc4 Ke6 37. Ne4 Nf3 38. Bd1 Ne5+ 39. Kb5 Nc8
40. Bc2 h6 41. Nc3 Kd6 42. Be4 Nd7 43. Bb7 Ne7 44. Bg2 Nf5 45. Bh3 Nd4+ 46. Kc4
Ne6 47. Bg2 Ne5+ 48. Kb5 Nd7 49. Nd5 Nc7+ 50. Nxc7 Kxc7 51. Kc4 Nf6 52. Bf3 Kd6
53. a5 Nd7 54. a6 Kc7 55. a7 b5+ 56. Kxb5 1-0

[Event "XX Keres Mem Rapid Prelim"]
[Site "Tallinn EST"]
[Date "2011.01.08"]
[Round "7"]
[White "Kovaljov, Denis"]
[Black "Kantans, Toms"]
[Result "1-0"]
[WhiteElo "2274"]
[BlackElo "2342"]
[PlyCount "63"]
[EventDate "2011.01.07"]

1. d4 Nf6 2. Nf3 g6 3. c3 Bg7 4. Bg5 O-O 5. Nbd2 d5 6. Bxf6 Bxf6 7. e4 dxe4 8.
Nxe4 Bg7 9. Bc4 Nd7 10. O-O Nf6 11. Nxf6+ Bxf6 12. Re1 c5 13. dxc5 Qc7 14. Qb3
Qxc5 15. Nd2 Qc7 16. Ne4 Be5 17. h3 b5 18. Bxf7+ Rxf7 19. Ng5 e6 20. Nxf7 Kxf7
21. Qxb5 Bf6 22. Rad1 Rb8 23. Qe2 Qc6 24. Rd2 Bb7 25. Qg4 h5 26. Qg3 e5 27.
Red1 Bc8 28. Qe3 Qb6 29. Qh6 Rb7 30. Rd6 Qc7 31. Qh7+ Bg7 32. Qxg6+ 1-0

[Event "XX Keres Mem Rapid Prelim"]
[Site "Tallinn EST"]
[Date "2011.01.08"]
[Round "7"]
[White "Burmakin, Vladimir"]
[Black "Miezis, Normunds"]
[Result "0-1"]
[WhiteElo "2603"]
[BlackElo "2546"]
[PlyCount "105"]
[EventDate "2011.01.07"]

1. d4 Nf6 2. Nf3 e6 3. g3 b5 4. Bg2 Bb7 5. c3 c5 6. a4 b4 7. c4 cxd4 8. O-O Na6
9. Nxd4 Bxg2 10. Kxg2 d5 11. cxd5 Qxd5+ 12. Nf3 Qb7 13. Nbd2 Rd8 14. Qc2 Be7
15. b3 Rc8 16. Nc4 Nc5 17. Be3 O-O 18. Bxc5 Rxc5 19. Kg1 Qd5 20. Rad1 Qh5 21.
Rd4 Nd5 22. Kg2 Bf6 23. Rd3 h6 24. Qd2 Bc3 25. Qd1 Qg4 26. Ne3 Nxe3+ 27. Rxe3
Rd5 28. Rd3 Rfd8 29. Rxd5 Rxd5 30. Qc2 f5 31. Rd1 Qe4 32. Rd3 g5 33. Kg1 Kf7
34. Qd1 Rxd3 35. Qxd3 Qxd3 36. exd3 g4 37. Nh4 Bd2 38. Kf1 Bg5 39. Ng2 Kf6 40.
f4 gxf3 41. Ne1 Be3 42. Nxf3 e5 43. Ke2 Bb6 44. Ne1 e4 45. dxe4 fxe4 46. Nc2
Bc5 47. Ne3 Ke5 48. Ng4+ Kd4 49. Nxh6 Kc3 50. Nf5 Kxb3 51. h4 Kc2 52. h5 Kb3
53. Ne3 0-1

[Event "XX Keres Mem Rapid Prelim"]
[Site "Tallinn EST"]
[Date "2011.01.08"]
[Round "7"]
[White "Shvyrjov, Igor"]
[Black "Smirnov, Artem"]
[Result "0-1"]
[WhiteElo "2470"]
[BlackElo "2428"]
[PlyCount "86"]
[EventDate "2011.01.07"]

1. d4 Nf6 2. Nf3 e6 3. e3 b6 4. Bd3 Bb7 5. O-O d5 6. Ne5 Bd6 7. b3 O-O 8. Bb2
Nbd7 9. f4 Ne4 10. Nxd7 Qxd7 11. Bxe4 dxe4 12. c4 f5 13. Rf2 Qe7 14. Nc3 a6 15.
g4 Rad8 16. Rg2 c5 17. gxf5 Rxf5 18. Ne2 e5 19. Ng3 Rf7 20. dxe5 Bxe5 21. Bxe5
Rxd1+ 22. Rxd1 Qh4 23. Rd6 h6 24. Rg6 Bc8 25. Nf1 Bh3 26. Rxg7+ Rxg7 27. Rxg7+
Kf8 28. Ng3 Bg4 29. Rg6 Bf3 30. Bg7+ Kf7 31. Rxh6 Qd8 32. Be5 Qd1+ 33. Kf2 Qc2+
34. Ke1 Qb1+ 35. Kf2 Qxa2+ 36. Ke1 Qb1+ 37. Kf2 Qc2+ 38. Ke1 Qc1+ 39. Kf2 Qd2+
40. Kf1 Qg2+ 41. Ke1 Qg1+ 42. Kd2 Qd1+ 43. Kc3 Qc1# 0-1